Principios administrativos (Record no. 157522)

MARC details
000 -LEADER
campo de control de longitud fija 00639nam a22001575i 4500
001 - NÚMERO DE CONTROL
campo de control 157522
003 - IDENTIFICADOR DE NÚMERO DE CONTROL
campo de control ES-MaACL
005 - FECHA Y HORA DE LA ÚLTIMA TRANSACCIÓN
campo de control 20230906210722.0
008 - DATOS DE LONGITUD FIJA--INFORMACIÓN GENERAL
campo de control de longitud fija 040811s1870 sp |||| | spa d
040 ## - FUENTE DE CATALOGACIÓN
Centro catalogador/agencia de origen CAM
Lengua de catalogación spa
Centro/agencia transcriptor CAM
100 1# - ENTRADA PRINCIPAL--NOMBRE DE PERSONA
Nombre de persona León, Isidoro de.
9 (RLIN) 128936
245 10 - MENCIÓN DEL TÍTULO
Título Principios administrativos
Resto del título : lecciones basadas sobre los programas para las oposiciones de ingreso en los cuerpos de empleados de aduanas de la península y ultramar /
Mención de responsabilidad, etc. extractadas y escritas por Isidoro de Leon.
260 ## - PUBLICACIÓN, DISTRIBUCIÓN, ETC.
Lugar de publicación, distribución, etc. Madrid :
Nombre del editor, distribuidor, etc. [s.n.],
Fecha de publicación, distribución, etc. 1870 (
Fabricante Imprenta de M. Tello)
300 ## - DESCRIPCIÓN FÍSICA
Extensión 70, [1] p. ;
Dimensiones 22 cm.
852 ## - LOCALIZACIÓN
Ubicación ES-MaACL
Número de control de estantería C-3241
Nota libre -- Enc. tela
Holdings
Estatus retirado Estado de pérdida Estado de daño No para préstamo Colección Biblioteca de origen Biblioteca actual Ubicación en estantería Fecha de adquisición Fuente de adquisición Total de préstamos Signatura topográfica completa Código de barras Visto por última vez Precio de reemplazo Tipo de ítem Koha
        Libros del s. XIX Biblioteca del Ateneo de Madrid Biblioteca del Ateneo de Madrid Sala Palomar 17/01/2008     C-3241 1164841 23/02/2023 23/02/2023 Libro impreso antiguo